Formel 1 Podium 1997 - Statistiken

Allgemein
  • Dieses Quiz wurde 196 mal gespielt
  • Das Durchschnittsergebnis liegt bei 11 aus 15
Antwortstatistiken
Antwort % Korrekt
Michael Schumacher
100%
Ralf Schumacher
98%
Jacques Villeneuve
92%
Mika Häkkinen
91%
David Coulthard
86%
Damon Hill
84%
Eddie Irvine
81%
Heinz-Harald Frentzen
76%
Rubens Barrichello
69%
Gerhard Berger
62%
Jean Alesi
59%
Giancarlo Fisichella
57%
Johnny Herbert
47%
Olivier Panis
42%
Alexander Wurz
29%
Keine übereinstimmenden Quizze gefunden
Verteilung der Resultate
Anzahl Personen mit jedem Resultat
Perzentil nach korrekt beantworteten Fragen
Ihre Resultats-Entwicklung
Sie haben dieses Quiz noch nicht gespielt